| 000 | 00742nam a22001817a 4500 | ||
|---|---|---|---|
| 003 | UA-OsUOA | ||
| 001 | 16056 | ||
| 007 | ta | ||
| 008 | 20031218b un ||||| |||| 00| 0 ukr d | ||
| 100 | _aЦимбалюк Є. | ||
| 942 | _cSA | ||
| 040 |
_aUA-OsUOA _cUA-OsUOA _dUA-OsUOA |
||
| 245 |
_aОстанній заповіт над "Козацькими могилами" _b[Про остан. заповіт першого будівничого "Козацьких могил" о.Віталія (Максименка) , який був складений у 1921р.] |
||
| 300 | _aС.16 | ||
| 955 | _a0 | ||
| 773 | 0 |
_w0 _tВільне слово _dРівне _d2003 _g№99/12 груд./ |
|
| 650 | 7 |
_aКозацькі Могили _2UDC |
|
| 999 |
_c302221 _d302221 |
||